Test kibica Reprezentacji Polski w Piłce Nożnej - Statystyki

Ogólne statystyki
  • Ten quiz został rozwiązany 492 razy
  • Średni wynik to 8 z 10
Statystyki odpowiedzi
Zagadnienie Odpowiedź % Poprawnych
Jaki był ich najlepszy wynik na Mistrzostwach Świata ? 3.miejsce
93%
Kto strzelał gole w pamiętnym meczy z Niemcami w 2014 roku ? Milik i Mila
93%
Jaka firma wykonuje stroje dla drużyny ? Nike
93%
Z jaką drużyną odnieśli najwyższe zwycięstwo ? San Marino
93%
Kto jest prezesem PZPN ? Zbigniew Boniek
93%
Jaki jest ich najlepszy wynik na Euro ? 1/4 Finału-ćwierćfinał
86%
Kto jest najlepszym strzelcem w historii ? Robert Lewandowski
86%
Kto strzelał gole dla Polski podczas Euro 2012 ? Lewandowski i Błaszczykowski
79%
Kto strzelił najwięcej bramek w jednym meczu reprezentacji ? Ernest Wilimowski
57%
Ile razy wystąpili na mistrzostwach świata ? 8
29%
Nie znaleziono quizów pasujących do podanych kryteriów
Rozkład punktacji
Procent ludzi z każdym wynikiem
Percentyl według liczby udzielonych odpowiedzi
Twoja historia wyników
Nie rozwiązałeś tego quizu